000 01058nam a22002537a 4500
005 20170124103059.0
010 _aA-462093
020 _c40.00
035 _aA-462093
037 _bCen Lib/Ret
040 _aDPL
_bHN
082 _a920
_bअग्रवा
100 _aअग्रवाल, प्रतिभा
_942466
245 _aदस्तक ज़िन्दगी की /
_cप्रतिभा अग्रवाल
246 _aDastak zindagi ki /
_bby Pratibha Agrawal
260 _aकलकत्ता
_bअप्रस्तुत प्रकाशन
_c1990
270 _bकलकत्ता
_a5 बी, ग्रीक चर्च रोड
_e700026
300 _a130पृ. :
_c20सेमी(सजिल्द)
_bसचित्र
650 _aहिन्दी साहित्य
_976111
650 _aहिन्दी -- जीवनियाँ
_976112
650 _aHindi literature
_976113
650 _aHindi - Biographies
_976114
942 _2ddc
_cHN
_h920
_mअग्रवा
999 _c117658
_d117658